Statistics for Most Popular US Sports With A Disappearing Map

Click here to take the quiz!

General Stats

  • This quiz has been taken 853 times
  • The average score is 43 of 50

Answers on the Map

Answers color-coded by a green-red scale on the quiz's map according to % correct below.
 

Answer Stats

StateSport% Correct
AlabamaFootball
99%
KansasFootball
99%
West VirginiaFootball
99%
TexasFootball
99%
TennesseeFootball
99%
PennsylvaniaFootball
99%
OklahomaFootball
99%
OhioFootball
99%
NebraskaFootball
99%
MississippiFootball
99%
MichiganFootball
99%
MarylandFootball
99%
LouisianaFootball
99%
MontanaFootball
99%
IowaFootball
99%
FloridaFootball
99%
ArizonaFootball
99%
ArkansasFootball
99%
CaliforniaFootball
99%
HawaiiFootball
99%
UtahBasketball
97%
ColoradoBasketball
97%
ConnecticutBasketball
97%
DelawareBasketball
97%
North DakotaBasketball
97%
IndianaBasketball
97%
North CarolinaBasketball
97%
KentuckyBasketball
97%
NevadaBaseball
95%
New YorkBaseball
95%
WisconsinBaseball
95%
MissouriBaseball
95%
WashingtonBaseball
95%
MassachusettsBaseball
95%
IllinoisBaseball
95%
South CarolinaBaseball
95%
New JerseyIce Hockey
92%
MaineSoccer
89%
New MexicoSoccer
89%
GeorgiaSoccer
89%
Rhode IslandTennis
51%
IdahoSkiing
43%
South DakotaSkiing
43%
New HampshireSkiing
43%
VermontSkiing
43%
AlaskaSkiing
43%
OregonTrack and Field
42%
MinnesotaTrack and Field
42%
VirginiaMotorsport
22%
WyomingRodeo
13%

Score Distribution

Percentile by Number Answered

Percent of People with Each Score

Your Score History

You have not taken this quiz